<?xml version="1.0" encoding="UTF-8"?>
<record
    xmlns:xsi="http://www.w3.org/2001/XMLSchema-instance"
    xsi:schemaLocation="http://www.loc.gov/MARC21/slim http://www.loc.gov/standards/marcxml/schema/MARC21slim.xsd"
    xmlns="http://www.loc.gov/MARC21/slim">

  <leader>01642pam a2200241   4500</leader>
  <controlfield tag="001">6098</controlfield>
  <datafield tag="020" ind1=" " ind2=" ">
    <subfield code="a">9781471133442 </subfield>
    <subfield code="c"></subfield>
  </datafield>
  <datafield tag="100" ind1="1" ind2=" ">
    <subfield code="a">Byrne, Rhonda.</subfield>
    <subfield code="e"></subfield>
  </datafield>
  <datafield tag="245" ind1="1" ind2="0">
    <subfield code="a">Hero /</subfield>
    <subfield code="c">Rhonda Byrne.</subfield>
  </datafield>
  <datafield tag="264" ind1=" " ind2="1">
    <subfield code="a">London :</subfield>
    <subfield code="b">Simon &amp; Schuster,</subfield>
    <subfield code="c">2013.</subfield>
  </datafield>
  <datafield tag="300" ind1=" " ind2=" ">
    <subfield code="a">ix, 227 pages :</subfield>
    <subfield code="b"></subfield>
    <subfield code="c">19 cm.</subfield>
  </datafield>
  <datafield tag="336" ind1=" " ind2=" ">
    <subfield code="a">still image</subfield>
    <subfield code="2">rdacontent.</subfield>
  </datafield>
  <datafield tag="336" ind1=" " ind2=" ">
    <subfield code="a">text</subfield>
    <subfield code="2">rdacontent.</subfield>
  </datafield>
  <datafield tag="337" ind1=" " ind2=" ">
    <subfield code="a">unmediated</subfield>
    <subfield code="2">rdamedia.</subfield>
  </datafield>
  <datafield tag="338" ind1=" " ind2=" ">
    <subfield code="a">volume</subfield>
    <subfield code="2">rdacarrier.</subfield>
  </datafield>
  <datafield tag="490" ind1="0" ind2=" ">
    <subfield code="a">The secret.</subfield>
  </datafield>
  <datafield tag="504" ind1=" " ind2=" ">
    <subfield code="a">Includes bibliographical references.</subfield>
  </datafield>
  <datafield tag="505" ind1=" " ind2=" ">
    <subfield code="a">The Dream -- The call to adventure -- Refusal of the call -- Finding your dream -- Follow your bliss -- The Hero -- Belief -- Vision -- The mind of a hero -- The heart of a hero -- The way of the hero -- Commitment -- The Quest -- The labyrinth -- Naysayers &amp; allies -- The road of trials &amp; miracles -- The supreme ordeal -- Victory -- The reward -- A life worth living -- The hero in you</subfield>
  </datafield>
  <datafield tag="520" ind1=" " ind2=" ">
    <subfield code="a">"This is the story about why you are here on planet  Earth. There is something special about you. There is  something you were born to be and do that not one of the  other seven billion of us was. There is a life you are  meant to live; there is a journey you are meant to take.  This book is about that journey. In this book twelve of  the most successful people living in the world share  their seemingly impossible stories, and reveal that you  were born with everything you need to live your greatest  dream, and that by doing so you will fulfill your mission  and literally change the world"</subfield>
  </datafield>
  <datafield tag="650" ind1=" " ind2=" ">
    <subfield code="a">Self-realization.</subfield>
    <subfield code="v"></subfield>
    <subfield code="x"></subfield>
    <subfield code="y"></subfield>
    <subfield code="z"></subfield>
    <subfield code="2"></subfield>
  </datafield>
  <datafield tag="650" ind1=" " ind2=" ">
    <subfield code="a">Success.</subfield>
    <subfield code="v"></subfield>
    <subfield code="x"></subfield>
    <subfield code="y"></subfield>
    <subfield code="z"></subfield>
    <subfield code="2"></subfield>
  </datafield>
  <datafield tag="650" ind1=" " ind2="0">
    <subfield code="a">Self-actualization (Psychology)</subfield>
  </datafield>
  <datafield tag="999" ind1=" " ind2=" ">
    <subfield code="c">5147</subfield>
    <subfield code="d">5147</subfield>
  </datafield>
  <datafield tag="952" ind1=" " ind2=" ">
    <subfield code="0">0</subfield>
    <subfield code="1">0</subfield>
    <subfield code="2">ddc</subfield>
    <subfield code="4">0</subfield>
    <subfield code="7">0</subfield>
    <subfield code="8">MAIN</subfield>
    <subfield code="a">RTCLIB</subfield>
    <subfield code="b">RTCLIB</subfield>
    <subfield code="c">MAIN</subfield>
    <subfield code="d">2018-11-27</subfield>
    <subfield code="h"> </subfield>
    <subfield code="i">9623</subfield>
    <subfield code="l">5</subfield>
    <subfield code="m">2</subfield>
    <subfield code="o">131 BYR</subfield>
    <subfield code="p">30000957</subfield>
    <subfield code="r">2025-12-05 00:00:00</subfield>
    <subfield code="s">2025-10-20</subfield>
    <subfield code="w">2018-11-27</subfield>
    <subfield code="y">MAIN</subfield>
  </datafield>
</record>
